000 00689nam a2200193 i 4500
001 38942
003 ES-MaACL
005 20230906155843.0
007 t|
008 030226s1948 po ||||1| por d
100 1 _aCampos Ferreira Lima, Enrique de.
_934268
245 1 0 _aInventario do espólio literario de Garret /
_cpor Henrique de Campos Ferreira Lima.
260 _aCoimbra :
_b[s.n.,
_c1948] (
_fTip. Alves y Mourao)
300 _aXIII, 107 p. ;
_c25 cm.
490 1 _aPublicaçones da Biblioteca Gral. da Universidade Coimbre
830 0 _aPublicaçones da Biblioteca Gral. da Universidade Coimbre
_9229686
852 _aES-MaACL
_j1889-F-16
_bR.26162
999 _c38942
_d38942